Reading and study skills / (Record no. 5629)

MARC details
000 -LEADER
fixed length control field 00429pam a2200157 a 4500
020 ## - INTERNATIONAL STANDARD BOOK NUMBER
ISBN 0070364400
050 00 - CALL NUMBER
Classification number PE1408
Item number .L3182
100 1# - AUTHOR
Personal name Langan, John,
245 10 - TITLE
Title Reading and study skills /
Statement of responsibility, etc John Langan.
250 ## - EDITION
Edition statement 6th ed., form A.
260 ## - PUBLICATION INFORMATION
Place of publication New York :
Name of publisher McGraw-Hill,
Year of publication c1994.
300 ## - DESCRIPTION
Number of Pages xv, 568 p. :
Other physical details ill. (some col.) ;
Dimensions 24 cm.
650 #0 - SUBJECTS
Topical Term Study skills.
650 #0 - SUBJECTS
Topical Term Reading (Higher education)
942 ## - ADDED ENTRY ELEMENTS (KOHA)
Koha item type Books
Holdings
Withdrawn status Lost status Home library Current library Date acquired Full call number Accession Number Koha item type Shelving location Collection code
    Methodist University Library Main Methodist University Library Main 14/11/2002 PE1408 .L3182 26055 Books General Stacks  
    Methodist University Library Main Methodist University Library Main 14/11/2002 PE1408 .L3182 26053 Books General Stacks Reference
    Methodist University Library Main Methodist University Library Main 14/11/2002 PE1408 .L3182 26054 Books General Stacks  
    Methodist University Library Wenchi Faculty Methodist University Library Wenchi Faculty 09/07/2019 PE1408 .L3182 26046 Books    
    Methodist University Library Wenchi Faculty Methodist University Library Wenchi Faculty 09/07/2019 PE1408 .L3182 21486 Books    
    Methodist University Library Wenchi Faculty Methodist University Library Wenchi Faculty 09/07/2019 PE1408 .L3182 21487 Books    
    Methodist University Library Wenchi Faculty Methodist University Library Wenchi Faculty 09/07/2019 PE1408 .L3182 21484 Books    
    Methodist University Library Wenchi Faculty Methodist University Library Wenchi Faculty 09/07/2019 PE1408 .L3182 21485 Books    
    Methodist University Library Wenchi Faculty Methodist University Library Wenchi Faculty 09/07/2019 PE1408 .L3182 21483 Books    
    Methodist University Library Wenchi Faculty Methodist University Library Wenchi Faculty 09/07/2019 PE1408 .L3182 26064 Books    
Copyright © 2026  MUG Library